Mezzanotte tutto il giorno /

সংরক্ষণ করুন:
গ্রন্থ-পঞ্জীর বিবরন
প্রধান লেখক: Kureishi, Hanif (লেখক)
অন্যান্য লেখক: Cotroneo, Ivan
বিন্যাস: গ্রন্থ
ভাষা:ইতালিয়
প্রকাশিত: \Milano! : Tascabili Bompiani, 2001
মালা:Tascabili Bompiani ; 724
ট্যাগগুলো: ট্যাগ যুক্ত করুন
কোনো ট্যাগ নেই, প্রথমজন হিসাবে ট্যাগ করুন!

MARC

LEADER 00000nam a2200000 i 4500
001 IT\ICCU\LO1\0567211
003 ItRI
005 20260115231913.0
008 011015s2001 it |||||| ||||| |||||c
015 |2 IT  |a 2002-3864 
020 |a 8845249263 
040 |b ita  |c importazione bologna sebina 
041 7 |a ita  |2 ISO-639-2 
082 |a 823.914  |9 NARRATIVA INGLESE, 1945-1999  |2 21 
100 1 |a Kureishi, Hanif  |0 IT\ICCU\CFIV\108235  |4 aut 
240 1 0 |a Midnight all day.  |3 IT\ICCU\FER\0180237  |9 Kureishi, Hanif 
245 1 0 |a Mezzanotte tutto il giorno /  |c Hanif Kureishi ; traduzione di Ivan Cotroneo. 
260 |a \Milano! :  |b Tascabili Bompiani,  |c 2001 
300 |a 220 p. ;  |c 20 cm. 
700 1 |a Cotroneo, Ivan  |0 IT\ICCU\RAVV\092620 
830 0 |a Tascabili Bompiani ;  |v 724  |0 IT\ICCU\CFI\0000031 
942 |2 ddc  |c BK  |n 0 
952 |0 0  |1 0  |4 0  |6 DOC_823_914000000000000_KUR  |7 0  |9 15980  |a BO  |b BO  |d 2026-01-15  |i 16198  |l 0  |o DOC 823.914 KUR  |p BO16198  |r 2026-01-15 23:19:13  |w 2026-01-15  |x [Sebina 5] [1 v.]  |y BK  |z 1 v. 
999 |c 13737  |d 13737